| 000 | 00485nam a2200169Ia 4500 | ||
|---|---|---|---|
| 003 | LK-CoDNM | ||
| 008 | 010623t2001 xxu||||| |||| 00| 1 sin d | ||
| 040 |
_aLK-CoDNM _dLK-CoDNM _eLK-CoDNM |
||
| 041 | _asin | ||
| 080 | _a294.3 TRI | ||
| 100 | _aAriyadhamma Thero,Nauyane. | ||
| 245 | _aසත්ත සුරියුග්ගමන සුත්රය | ||
| 246 | _aSaththa Suriyuggamana Suthraya | ||
| 260 |
_bSrideevi _aDehiwala _c2001 |
||
| 300 | _b22p., 21 cm | ||
| 942 | _cBK | ||
| 999 |
_c121527 _d121527 |
||